00684 2200241 4500001002100000005001700021008004100038020002200079035002400101040001200125082001600137084002200153100003100175245006300206250001100269260003200280300003200312504003000344650001700374700001800391850001200409990002100421INLIS00000000002478920170118082531.0  a978-602-296-211-3 0010-011700000000289 aYOPPDIY 223a297.122 aDEP 297.122 Riz T aRIZEM AIZID, USTADZ, 1987- aTartil Al-qurc/ Ustadz Rizem Aizid; Editor, Yanuar Arifin aCet. 1 aYogyakartabDIVA Kidsc2016 a212 hlm.b: ilus.c; 27 cm. aBibliografi: hlm. 208-210 aUlumul Quran aYANUAR Arifin aYOPDYOG aCB.D-11/2016-768